| 000 | 00797nam a22002897a 4500 | ||
|---|---|---|---|
| 001 | BR0902857 | ||
| 003 | BR-BrBNA | ||
| 005 | 20230928103003.0 | ||
| 007 | ta | ||
| 008 | 230509b bl.||||| |||| 00| 0 por d | ||
| 040 |
_aBR-BrBNA _bpor _cBiblioteca Nacional de Agricultura |
||
| 041 | _a(Por) | ||
| 072 | _aA50 | ||
| 090 | _ A50 BR0902857 | ||
| 110 | 1 |
_aEMBRAPA Pantanal, Corumbá, MS (Brasil) _93692 |
|
| 245 | 1 | _a4. plano diretor da EMBRAPA Pantanal 2008-2011-2023 | |
| 260 | 3 |
_aCorumbá, MS (Brasil): _c2008. |
|
| 300 | _a33 p. | ||
| 650 | _aAGRICULTURA | ||
| 650 | _aPECUÁRIA | ||
| 650 | _aABASTECIMENTO | ||
| 650 | _aPESQUISA AGRÍCOLA | ||
| 650 | _aADMINISTRAÇÃO DE PESQUISA | ||
| 650 | _aPLANEJAMENTO DE PESQUISA | ||
| 909 |
_a202309 _bLucia _c55 _dLucia Elande |
||
| 942 | _cBK | ||
| 999 |
_c73240 _d73240 |
||